Union Library Management V6
เปลี่ยนเป็นภาษาไทย

Change to English
 แสดงรายละเอียดบรรณานุกรม
  กลับหน้าหลัก

Brief Record : Get Marc (ISO 2709) : E-mail record : QR code < ปิดหน้าต่าง
LEADER : 00000nam 2200000uu 4500
008    121106s||||||||th 000 0 tha d
050  0 ^aR^bก532ก 2555
100 0  การีมา หะยีสะมะแอ และคณะ
245 00 การศึกษาพฤติกรรมการดูแลตนเองของผู้ป่วยโรคความดันโลหิตสูงในพื้นที่จังหวัดชายแดนภาคใต้:กรณึศึกษาผู้ป่วยโรคความดันโลหิตสูง อำเภอหนองจิก จังหวัดปัตตานี
250    พิมพ์ครั้งที่ 1
260    ^aนนทบุรี:^bสถาบันพระบรมราชชนก,^c 2555
300    ^a34 หน้า:^c 26ซม.
650  0 ^aโรคความดันโลหิตสูง^xวิจัย
945    ^p200^l0^i064097
999     ^aวนิดา อินทโอภาส
 
รายการนี้ยังไม่มีแท็ก
คุณยังไม่ได้ล็อกอิน คุณสามารถมีกิจกรรมร่วมกับเว็บไซต์ได้ แต่ต้องล็อกอินก่อน ::
  ล็อกอิน
  One Stop Service : ศูนย์ให้บริการแบบเบ็ดเสร็จ   จัดการหนังสือโปรด   แจ้งรายการบรรณานุกรมผิดพลาด
ลำดับที่ ประเภท เลขเรียก/บาร์โค้ด สถานที่ สถานะ
1. หนังสือ
หนังสือ
R ก532ก 2555  
  Barcode: 064097
ห้องสมุดฝั่งเขลางค์
►วิจัย
บนชั้น
  ขอยืม

BibComment


ยังไม่เคยถูกคอมเมนท์

คอมเมนท์ทรัพยากรรายการนี้
  คอมเมนท์: การศึกษาพฤติกรรมก..

 
 
 

 Union Library Management : ULibM
Copyright 2026. All Rights Reserved.